[Event "Bayern-chI Bank Hofmann 15th"]
[Site "Bad Wiessee"]
[Date "2011.11.04"]
[Round "7"]
[White "Gypser, Andreas"]
[Black "Kern, Guido"]
[Result "0-1"]
[WhiteElo "2165"]
[BlackElo "2355"]
[PlyCount "80"]
[EventDate "2011.10.29"]
[EventType "swiss"]
[EventRounds "9"]
[EventCountry "GER"]
[SourceTitle "EXT 2012"]
[Source "ChessBase"]
[SourceDate "2011.11.24"]
[SourceVersion "1"]
[SourceVersionDate "2011.11.24"]
[SourceQuality "1"]

1. e4 e6 2. d4 d5 3. Nc3 Nc6 4. Nf3 Nf6 5. Bg5 Be7 6. e5 Ne4 7. Bxe7 Qxe7 8. Nd2 Nxc3 9. bxc3 0-0 10. f4 f6 11. Nf3 Qa3 12. Qd2 Qb2 13. Rd1 Qxa2 14. exf6 Rxf6 15. Bd3 Qa3 16. Ng5 h6 17. Nh7 Rf7 18. g4 Qd6 19. Rf1 e5 20. dxe5 Nxe5 21. fxe5 Qxe5+ 22. Be2 Rxf1+ 23. Kxf1 Kxh7 24. Re1 Qf6+ 25. Kg1 Be6 26. Qd3+ Kh8 27. Rf1 Qe5 28. Rf2 Kg8 29. Bf3 Rd8 30. Re2 Qf6 31. Kg2 b6 32. Qe3 Bf7 33. Rf2 Qg5 34. Qd4 c5 35. Qa4 Qe7 36. Re2 Qd7 37. Qf4 Qd6 38. Re5 d4 39. Be4 dxc3 40. Qf5 g6 0-1